[Event "CAN-ch"]
[Site "Toronto"]
[Date "2004.08.23"]
[Round "4"]
[White "Golts, Roman"]
[Black "Wang, David"]
[Result "1/2-1/2"]
[WhiteElo "2216"]
[BlackElo "2110"]
[PlyCount "35"]
[EventDate "2004.08.20"]
[EventType "swiss"]
[EventRounds "9"]
[EventCountry "CAN"]
[SourceTitle "CBM 101 Extra"]
[Source "ChessBase"]
[SourceDate "2004.09.01"]
[SourceVersion "2"]
[SourceVersionDate "2004.09.01"]
[SourceQuality "1"]

1. e4 e5 2. Nf3 Nc6 3. Bb5 a6 4. Ba4 Nf6 5. 0-0 Nxe4 6. d4 b5 7. Bb3 d5 8. dxe5 Be6 9. Nbd2 Bc5 10. Nxe4 dxe4 11. Bxe6 fxe6 12. Ng5 Qxd1 13. Rxd1 0-0 14. Nxe4 Bb6 15. b3 Nxe5 16. h3 Nc6 17. c3 Ne5 18. Be3 1/2-1/2

[Event "Toronto Christmas op"]
[Site "Toronto"]
[Date "2000.12.29"]
[Round "4"]
[White "Golts, Roman"]
[Black "Nahutin, Yevgeni"]
[Result "1-0"]
[WhiteElo "2303"]
[BlackElo "2046"]
[PlyCount "54"]
[EventDate "2000.12.26"]
[EventType "swiss"]
[EventRounds "6"]
[EventCountry "CAN"]
[SourceTitle "EXT 2022"]
[Source "ChessBase"]
[SourceDate "2021.10.06"]
[SourceVersion "1"]
[SourceVersionDate "2021.10.06"]
[SourceQuality "1"]

1. e4 e5 2. Nf3 Nc6 3. Bb5 a6 4. Ba4 Nf6 5. 0-0 b5 6. Bb3 Bc5 7. d3 d6 8. c3 0-0 9. Bg5 h6 10. Bh4 Be6 11. Bc2 Bg4 12. Nbd2 g5 13. Bg3 Nh5 14. Kh1 Kg7 15. Qe1 Qd7 16. Ng1 Rae8 17. f3 Be6 18. Nb3 Bb6 19. Qd2 f5 20. d4 Bf7 21. dxe5 f4 22. Bf2 Bxf2 23. Qxf2 Nxe5 24. Nd2 Nc4 25. Nxc4 Bxc4 26. Bb3 Kh8 27. Bxc4 bxc4 1-0

[Event "Quebec op"]
[Site "Montreal"]
[Date "2000.07.23"]
[Round "2"]
[White "Golts, Roman"]
[Black "Sakr, Nassim"]
[Result "1/2-1/2"]
[WhiteElo "2192"]
[BlackElo "2199"]
[PlyCount "57"]
[EventDate "2000.07.22"]
[EventType "swiss"]
[EventRounds "9"]
[EventCountry "CAN"]
[SourceTitle "EXT 2002"]
[Source "ChessBase"]
[SourceDate "2001.11.25"]
[SourceVersion "1"]
[SourceVersionDate "2001.11.25"]
[SourceQuality "1"]

1. e4 c5 2. Nf3 d6 3. d4 cxd4 4. Nxd4 Nf6 5. Nc3 a6 6. f4 e6 7. Bd3 Nbd7 8. Nf3 Qc7 9. 0-0 Be7 10. Qe1 Nc5 11. Qg3 b5 12. e5 Nh5 13. Qf2 g6 14. exd6 Bxd6 15. Bxb5+ axb5 16. Nxb5 Qb6 17. Qd4 Bf8 18. Nc7+ Qxc7 19. Qxh8 Ba6 20. Re1 Nxf4 21. Bxf4 Qxf4 22. Rad1 Bb7 23. Rd4 Qf5 24. Red1 Bxf3 25. gxf3 Qg5+ 26. Kh1 Qf5 27. Kg1 Rc8 28. c4 Qg5+ 29. Kh1 1/2-1/2

[Event "Canadian op"]
[Site "Richmond"]
[Date "1999.07.11"]
[Round "9"]
[White "Milat, Marcel Victor"]
[Black "Golts, Roman"]
[Result "1/2-1/2"]
[WhiteElo "2279"]
[BlackElo "2207"]
[PlyCount "81"]
[EventDate "1999.07.02"]
[EventType "swiss"]
[EventRounds "11"]
[EventCountry "CAN"]
[SourceTitle "EXT 2000"]
[Source "ChessBase"]
[SourceDate "1999.11.16"]
[SourceVersion "1"]
[SourceVersionDate "1999.11.16"]
[SourceQuality "1"]

1. e4 e6 2. d4 d5 3. Nd2 c5 4. Ngf3 Nc6 5. exd5 exd5 6. Bb5 Bd6 7. dxc5 Bxc5 8. Nb3 Bd6 9. 0-0 Nge7 10. Bd3 0-0 11. c3 a6 12. Re1 h6 13. h3 Bd7 14. Be3 Qc7 15. Nbd4 Rae8 16. Bc2 Qc8 17. Qd2 Nxd4 18. Nxd4 Ng6 19. Ne2 Be6 20. Bf4 Nxf4 21. Nxf4 Qc4 22. Ne2 Qh4 23. Qd3 g6 24. Nd4 Bd7 25. Qf3 Qg5 26. Bb3 Bc6 27. g3 Bc5 28. Rad1 Bxd4 29. cxd4 Rxe1+ 30. Rxe1 Qd2 31. Qc3 Qxc3 32. bxc3 Kg7 33. Re5 Rd8 34. f4 Kf8 35. Kf2 f6 36. Re3 Re8 37. Rxe8+ Kxe8 38. Kf3 Ke7 39. h4 b5 40. f5 g5 41. Kg4 1/2-1/2

[Event "CAN-ch U16"]
[Site "Saskatoon"]
[Date "1998.??.??"]
[Round "2"]
[White "Golts, Roman"]
[Black "Glinert, Stephen"]
[Result "1/2-1/2"]
[WhiteElo "2225"]
[BlackElo "2180"]
[PlyCount "110"]
[EventDate "1998.??.??"]
[EventType "tourn"]
[EventRounds "9"]
[EventCountry "CAN"]
[SourceTitle "EXT 2001"]
[Source "ChessBase"]
[SourceDate "2000.11.22"]
[SourceVersion "1"]
[SourceVersionDate "2000.11.22"]
[SourceQuality "1"]

1. e4 d6 2. d4 Nf6 3. Nc3 g6 4. g3 Bg7 5. Bg2 0-0 6. Nge2 Nbd7 7. 0-0 c5 8. d5 a6 9. a4 b6 10. f4 Rb8 11. h3 b5 12. axb5 axb5 13. Qe1 Ne8 14. g4 Nc7 15. f5 b4 16. Nd1 Ne5 17. Qh4 Ba6 18. Rf2 Bxe2 19. Rxe2 Nb5 20. Bh6 Nd4 21. Rf2 f6 22. Bxg7 Kxg7 23. Ne3 Ra8 24. Rb1 Ra2 25. g5 Qe8 26. gxf6+ exf6 27. Ng4 Nxg4 28. Qxg4 g5 29. Bf1 h5 30. Qg2 Qb8 31. Bc4 Ra5 32. Qf1 Nb5 33. Qe2 Kh6 34. Rg2 Re8 35. Qe3 h4 36. Rg4 Kh7 37. Kh1 Rg8 38. Rbg1 Qe8 39. Qf2 Rg7 40. Qg2 Qe7 41. Qf2 Nc7 42. Qf3 Ra8 43. c3 Rb8 44. e5 bxc3 45. exf6 Qxf6 46. Qxc3 Qxc3 47. bxc3 Rbg8 48. Bd3 Kh6 49. c4 Rf8 50. Re1 Rff7 51. Re2 Re7 52. Rge4 Rxe4 53. Rxe4 Rf7 54. f6 Kh5 55. Kg2 Rxf6 1/2-1/2

[Event "CAN-ch U16"]
[Site "Saskatoon"]
[Date "1998.??.??"]
[Round "3"]
[White "Henson, Joshua"]
[Black "Golts, Roman"]
[Result "1-0"]
[WhiteElo "2010"]
[BlackElo "2225"]
[PlyCount "81"]
[EventDate "1998.??.??"]
[EventType "tourn"]
[EventRounds "9"]
[EventCountry "CAN"]
[SourceTitle "EXT 2001"]
[Source "ChessBase"]
[SourceDate "2000.11.22"]
[SourceVersion "1"]
[SourceVersionDate "2000.11.22"]
[SourceQuality "1"]

1. e4 e6 2. d4 d5 3. Nd2 c5 4. Ngf3 Nc6 5. Bb5 a6 6. Bxc6+ bxc6 7. 0-0 Nf6 8. Re1 Be7 9. c3 0-0 10. exd5 cxd5 11. Nb3 Nd7 12. Bf4 Bb7 13. Ne5 cxd4 14. cxd4 Rc8 15. Rc1 Rxc1 16. Qxc1 Nxe5 17. Bxe5 Qb6 18. Qe3 Rc8 19. Rc1 Rxc1+ 20. Qxc1 Qc6 21. Qd2 Qc8 22. h3 Bc6 23. Qc3 Bd7 24. Qg3 f6 25. Bd6 Qf8 26. Bxe7 Qxe7 27. Nc5 e5 28. Nxd7 Qxd7 29. dxe5 f5 30. Qd3 Qe6 31. Qd4 Qc6 32. f4 Kf7 33. h4 Kg6 34. Kh2 h6 35. Qd3 Qa4 36. h5+ Kf7 37. Qxd5+ Ke7 38. Qd6+ Kf7 39. Qg6+ Kg8 40. Qe6+ Kh8 41. Qc8+ 1-0

[Event "CAN-ch U18"]
[Site "Toronto"]
[Date "1997.??.??"]
[Round "2"]
[White "Golts, Roman"]
[Black "Hua, Lefong"]
[Result "0-1"]
[WhiteElo "2290"]
[BlackElo "2220"]
[PlyCount "102"]
[EventDate "1997.??.??"]
[EventType "tourn"]
[EventRounds "9"]
[EventCountry "CAN"]
[SourceTitle "EXT 1999"]
[Source "ChessBase"]
[SourceDate "1998.11.16"]
[SourceVersion "1"]
[SourceVersionDate "1998.11.16"]
[SourceQuality "1"]

1. e4 c5 2. Nf3 d6 3. d4 cxd4 4. Nxd4 Nf6 5. Nc3 g6 6. Be3 Bg7 7. f3 Nc6 8. Bc4 Qb6 9. Bb5 0-0 10. Nf5 Qa5 11. Nxg7 Kxg7 12. Qd2 Rd8 13. Bc4 Ne5 14. Bb3 Be6 15. 0-0 Nc4 16. Bxc4 Bxc4 17. Rfe1 Rac8 18. Qf2 b6 19. Bd4 e5 20. Be3 Be6 21. a3 Rd7 22. Rad1 b5 23. Bd2 Qa6 24. Be3 Qb7 25. a4 bxa4 26. Nxa4 Qb5 27. b3 Rdc7 28. Rd2 Qa6 29. Red1 Ne8 30. Nb2 Qa2 31. c4 Qxb3 32. Bxa7 Bxc4 33. Nxc4 Qxc4 34. Be3 Rb7 35. Qh4 h5 36. Qg5 Qe6 37. Qh4 Rcb8 38. h3 Rb3 39. Qf2 Rb1 40. Kh2 Qc4 41. Rc2 Qa4 42. Rd5 Qa1 43. f4 Nf6 44. fxe5 Rh1+ 45. Kg3 Nxe4+ 46. Kf3 Nxf2 47. exd6 Qb1 48. Rxf2 Rf1 49. d7 Rxf2+ 50. Kxf2 Qa2+ 51. Rd2 Qa5 0-1

[Event "CAN-ch U16 fin"]
[Site "Victoria"]
[Date "1997.??.??"]
[Round "2"]
[White "Ho, Andrew"]
[Black "Golts, Roman"]
[Result "1-0"]
[WhiteElo "2220"]
[BlackElo "2290"]
[PlyCount "77"]
[EventDate "1997.??.??"]
[EventType "tourn"]
[EventRounds "9"]
[EventCountry "CAN"]
[SourceTitle "EXT 2000"]
[Source "ChessBase"]
[SourceDate "1999.11.16"]
[SourceVersion "1"]
[SourceVersionDate "1999.11.16"]
[SourceQuality "1"]

1. d4 Nf6 2. c4 e6 3. Nc3 Bb4 4. Qc2 c5 5. dxc5 Bxc5 6. Bf4 Nc6 7. Nf3 0-0 8. e3 d5 9. a3 Qa5 10. 0-0-0 dxc4 11. Bxc4 a6 12. Kb1 b5 13. Bd3 Be7 14. Ne4 Bb7 15. Nxf6+ Bxf6 16. Bxh7+ Kh8 17. Rd7 Bc8 18. Rc7 e5 19. Rxc6 exf4 20. Be4 Bb7 21. Rc5 Bxe4 22. Qxe4 g6 23. Qxf4 Kg7 24. Rc6 Qd8 25. Qd6 Qxd6 26. Rxd6 a5 27. Rhd1 Rfb8 28. Rc6 a4 29. Rdd6 Be7 30. Rd7 Bf6 31. Rcc7 Rf8 32. Nd4 Bxd4 33. Rxd4 Rfd8 34. Rcd7 Rxd7 35. Rxd7 Rc8 36. Rd5 Rb8 37. Kc2 b4 38. axb4 Rxb4 39. Rd4 1-0